|
|
|
|
| LEADER |
00000ny a22000003n 4500 |
| 005 |
20110525101040.0 |
| 008 |
050330s2004 sp s 001 0 spa c |
| 017 |
|
|
|a D.L. SE.5896-2004
|
| 020 |
|
|
|a 8497725298
|
| 035 |
|
|
|a 639
|
| 040 |
|
|
|a SpMaUCDE
|d vLex
|
| 040 |
|
|
|a UMA.RE
|d vLex
|
| 080 |
|
|
|a 341:35.076
|
| 080 |
|
|
|a 35.076:341
|
| 090 |
|
|
|c 245
|d 245
|
| 100 |
1 |
|
|a Crawford, James
|
| 245 |
1 |
4 |
|a Los artc̕ulos de la comisin̤ de derecho internacional sobre la responsabilidad del Estado
|h [Recurso electrn̤ico]
|b introduccin̤, texto y comentarios /
|c James Crawford
|
| 256 |
|
|
|a Servicio en ln̕ea
|
| 260 |
|
|
|a Madrid :
|b Dykinson,
|c 2004
|
| 300 |
|
|
|a 461 p. ;
|c 21 cm
|
| 506 |
1 |
|
|a Contenido solo disponible en los productos indicados
|d vLex Global
|d vLex Global (Academic Edition, excluding Law Schools)
|d vLex Global (U.S. Academic Edition, Law Schools)
|d vLex Global (U.S. Academic Edition, excluding Law Schools)
|d vLex Global (Academic Edition, Law Schools)
|
| 650 |
0 |
7 |
|a Derecho internacional
|2 Tesauro vLex
|
| 650 |
0 |
7 |
|a Civil
|2 Tesauro vLex
|
| 740 |
0 |
|
|a vLex Libros (Servicios en ln̕ea)
|
| 856 |
4 |
0 |
|u http://vlex.com/source/639
|z Acceso restringido
|
| 942 |
|
|
|c BOOK
|
| 999 |
0 |
|
|a International Law
|b Spain
|